Language Quiz

Random Language or Country Quiz

Official Languages Quiz Stats

 Plays Quiz Updated Oct 30, 2018

Score 0/24 Timer 06:00
0 Plays Today
country language % Correct
NetherlandsDutch
84.5%
PanamaSpanish
83.3%
ColombiaSpanish
82.9%
EgyptArabic
82.2%
BrazilPortuguese
82%
AustriaGerman
81.7%
The BahamasEnglish
79.6%
LiechtensteinGerman
78.5%
DenmarkDanish
78.3%
MonacoFrench
71.8%
San MarinoItalian
71.4%
YemenArabic
68.7%
country language % Correct
LiberiaEnglish
67.4%
PhilippinesFilipino
67.2%
GrenadaEnglish
65.1%
IcelandIcelandic
64%
Burkina FasoFrench
53.2%
GabonFrench
48.6%
BangladeshBangla
45.3%
SurinameDutch
39.7%
AngolaPortuguese
31.6%
AndorraCatalan
28.3%
BruneiMalay
22.4%
EthiopiaAmharic
13%

You're not logged in!

Compare scores with friends on all Sporcle quizzes.
OR
Log In

Sporcle TV

Today on Sporcle TV


Watch our educational content, quiz creation guides, and fun videos on Sporcle TV.

Show Comments

Extras

Top Quizzes Today


Score Distribution

Your Account Isn't Verified!

In order to create a playlist on Sporcle, you need to verify the email address you used during registration. Go to your Sporcle Settings to finish the process.

Report this User

Report this user for behavior that violates our Community Guidelines.

Details: